000
00281nam a2200121Ia 4500
008
190216s9999||||xx |||||||||||||| ||und||
100
_a
Narayana B N
245
0
_a
Industrial Economics
260
_b
Anmol Publications
_c
1997
300
_a
293p
650
_a
Economics
942
_c
BK
999
_c
10592
_d
10592